Statystyki dla Kadra reprezentacji Polski-Mistrzostwa Europy 2012

Kliknij tutaj aby rozwiązać quiz!

Ogólne statystyki

  • Ten quiz został rozwiązany 717 razy
  • Średni wynik to 16 z 24

Statystyki odpowiedzi

PozycjaKlubNazwisko% Poprawnych
BramkarzArsenalWojciech Szczęsny
99%
NapastnikBorussia DortmundRobert Lewandowski
98%
PomocnikBorussia DortmundJakub Błaszczykowski
96%
ObrońcaBorussia DortmundŁukasz Piszczek
95%
BramkarzPSV EidhovenPrzemysław Tytoń
92%
SelekcjonerFranciszek Smuda
82%
PomocnikBordeauxLudovic Obraniak
82%
PomocnikTerek GroznyMaciej Rybus
80%
ObrońcaAnderlecht BrukselaMarcin Wasilewski
78%
ObrońcaSochauxDamien Perquis
70%
PomocnikSivassporKamil Grosicki
70%
PomocnikFSV MainzEugen Polanski
69%
PomocnikTrabzonsporAdrian Mierzejewski
68%
NapastnikHannover 96Artur Sobiech
68%
ObrońcaWerder BremaSebastian Boenisch
63%
NapastnikCeltic GlasgowPaweł Brożek
54%
BramkarzJagiellonia BiałystokGrzegorz Sandomierski
53%
ObrońcaLegia WarszawaJakub Wawrzyniak
53%
PomocnikAuxerreDariusz Dudka
51%
PomocnikLech PoznańRafał Murawski
51%
ObrońcaLech PoznańMarcin Kamiński
48%
PomocnikFortuna DusseldorfAdam Matuszczyk
33%
ObrońcaLech PoznańGrzegorz Wojtkowiak
28%
PomocnikLegia WarszawaRafał Wolski
26%

Rozkład punktacji

Percentyl według liczby udzielonych odpowiedzi

Procent ludzi z każdym wynikiem

Twoja historia wyników

Nie rozwiązałeś tego quizu